Sources of economic growth <an> extensive growth accounting exercise

Guardado en:
Detalles Bibliográficos
Autor principal: Senhadji, Abdelhak
Formato: Libro
Lenguaje:inglés
Publicado: Washington IMF 1999
Colección:IMF working paper WP/99/77
Materias:
Etiquetas: Agregar Etiqueta
Sin Etiquetas, Sea el primero en etiquetar este registro!

MARC

LEADER 00000nam a2200000 4500
001 c116273
005 20221108124105.8
041 0 |a eng 
044 |a US 
245 1 0 |a Sources of economic growth  |b <an> extensive growth accounting exercise  |c prepared by Abdelhak Senhadji 
264 1 |a Washington  |b IMF  |c 1999 
300 |a 41 s. 
490 1 |a IMF working paper  |v WP/99/77 
830 0 |a IMF working paper  |v WP/99/77 
610 2 0 |a rast hospodársky extenzívny 
610 2 0 |a účtovníctvo 
610 2 0 |a výskum ekonomický 
610 2 0 |a produkt národný hrubý 
610 2 0 |a účtovníctvo rastu 
100 1 |a Senhadji, Abdelhak